000
00303nam a2200133Ia 4500
005
20251222140059.0
008
251222s1900||||xx |||||||||||||| ||spa||
020
_a
8474904897
082
_a
287.1/G51
100
_a
Giussani, Luig
245
0
_a
Llevar la esperanza:
264
_b
Encuentro
942
_c
LIB
999
_c
3878
_d
3878